01839nam a2200397 4500003000400000005001700004008004100021020001800062040001800080041000800098041000800106050002000114100004400134245031800178264017500496300003400671336002200705337002400727338002400751500002300775600005600798650006900854700004900923700004100972700005801013700004601071700004001117700003901157700003801196700005101234700004001285700004501325700004301370942001101413999001701424OSt20260601193525.0260421b2013 mx a|||| |||| 00| 0 spa d a9786074172584 aICIbspacICI aspa aeng aNA759.A683bD53 1a Cruz González Franco, Lourdes935660 1aLos dibujos del taller de Augusto H. Álvarezc Lourdes Cruz González Franco, Alejandro Aguilera González ; con dibujos de: Carlos Alvarado, Augusto H. Álvarez, Augusto F. Álvarez, Vito Ascencio, Jorge Flores, Luis Guerrero, Francisco Javier Marván, Héctor Meza, Joaquín Palacios, Octavio Sánchez bUniversidad Iberoamericana, Ciudad de México, Departamento de Arquitectura bUniversidad Nacional Autónoma de México, Facultad de Arquitecturac2013aMéxico, D.F. a139 páginasb ilustraciones atexto2rdacontent asin medio2rdamedia avolumen2rdacarrier aTexto en español 1aÁlvarez, Augusto H.d 1914-1995x Archivos935661 aDibujo arquitectónico xHistoria ySiglo XXzMéxico |935662 aAguilera González, Alejandroeautor935663 aAlvarado, Carlose ilustrador935664 aÁlvarez, Augusto H.d1914-1995,e ilustrador935665 aÁlvarez, Augusto F.e ilustrador935666 a Ascencio, Vitoe ilustrador935667 a Flores, Jorgee ilustrador935668 aGuerrero, Luiseilustrador935669 aJavier Marván, Franciscoe ilustrador935670 a Meza, Héctore ilustrador935671 a Palacios, Joaquíne ilustrador935672 aSánchez, Octavioe ilustrador935673 2ddccB c21161d21161